[Event "Hastings Masters"]
[Site "Horntye, Hastings"]
[Date "2018.01.04"]
[Round "8.38"]
[White "Pagamdulam, Munkhdemberel"]
[Black "Verma, Shlok"]
[Result "1/2-1/2"]
[BlackElo "1553"]
[WhiteElo "1175"]
[LiveChessVersion "1.4.8"]

1. e4 {[%clk 1:40:52]} e6 {[%clk 1:40:37]} 2. d4 {[%clk 1:40:57]} d5
{[%clk 1:40:21]} 3. e5 {[%clk 1:41:14]} c5 {[%clk 1:39:17]} 4. dxc5
{[%clk 1:41:35]} Bxc5 {[%clk 1:39:24]} 5. Bd3 {[%clk 1:41:53]} Nc6
{[%clk 1:37:42]} 6. Qe2 {[%clk 1:42:01]} Qb6 {[%clk 1:36:22]} 7. Nc3
{[%clk 1:39:55]} Nge7 {[%clk 1:31:32]} 8. Bd2 {[%clk 1:38:48]} a6
{[%clk 1:26:35]} 9. Na4 {[%clk 1:39:01]} Qa7 {[%clk 1:27:01]} 10. Nxc5
{[%clk 1:38:57]} Qxc5 {[%clk 1:26:55]} 11. O-O-O {[%clk 1:38:37]} Ng6
{[%clk 1:22:35]} 12. f4 {[%clk 1:37:52]} b5 {[%clk 1:19:18]} 13. Nf3
{[%clk 1:33:11]} Bd7 {[%clk 1:17:42]} 14. h4 {[%clk 1:31:34]} Nb4
{[%clk 1:00:11]} 15. Kb1 {[%clk 1:28:05]} Nxd3 {[%clk 0:47:57]} 16. Qxd3
{[%clk 1:27:33]} Qc4 {[%clk 0:45:24]} 17. Qxc4 {[%clk 1:24:30]} bxc4
{[%clk 0:45:32]} 18. h5 {[%clk 1:24:28]} Ne7 {[%clk 0:45:42]} 19. g4
{[%clk 1:19:43]} Nc6 {[%clk 0:43:13]} 20. g5 {[%clk 1:02:24]} Ke7
{[%clk 0:39:09]} 21. Bc3 {[%clk 1:01:48]} Rhb8 {[%clk 0:36:43]} 22. Ka1
{[%clk 1:01:32]} Nb4 {[%clk 0:35:28]} 23. Rd2 {[%clk 0:58:05]} a5
{[%clk 0:34:44]} 24. a3 {[%clk 0:58:08]} Nc6 {[%clk 0:32:23]} 25. Nd4
{[%clk 0:50:47]} Rg8 {[%clk 0:31:28]} 26. Rf2 {[%clk 0:49:27]} h6
{[%clk 0:29:52]} 27. Rhh2 {[%clk 0:46:09]} hxg5 {[%clk 0:26:40]} 28. Nxc6+
{[%clk 0:45:53]} Bxc6 {[%clk 0:26:52]} 29. fxg5 {[%clk 0:46:10]} a4
{[%clk 0:26:41]} 30. Bb4+ {[%clk 0:46:20]} Ke8 {[%clk 0:26:16]} 31. Rf4
{[%clk 0:45:26]} Ra7 {[%clk 0:20:47]} 32. h6 {[%clk 0:44:08]} g6 {[%clk 0:16:18]}
33. Kb1 {[%clk 0:37:50]} f5 34. gxf6 {[%clk 0:36:08]} Rh7 {[%clk 0:12:32]} 35.
Rg4 {[%clk 0:36:15]} Kf7 {[%clk 0:12:50]} 36. Bd2 {[%clk 0:35:15]} Rd8
{[%clk 0:10:33]} 37. Rd4 {[%clk 0:35:04]} Rg8 {[%clk 0:08:26]} 38. Rg4
{[%clk 0:34:51]} Rd8 {[%clk 0:08:18]} 39. c3 {[%clk 0:35:06]} Rb8
{[%clk 0:07:50]} 40. Ka1 {[%clk 0:35:14]} Rg8 {[%clk 0:07:57]} 41. Ka2
{[%clk 0:34:55]} Rb8 {[%clk 0:08:06]} 1/2-1/2